| 000 | 00510cam a22001577a 4500 | ||
|---|---|---|---|
| 008 | 180718b1999 xxu||||| |||| 00| 0 eng d | ||
| 020 | _a0198298250 | ||
| 082 | _aB T15 | ||
| 100 | _aTamanaha, Brian Z. | ||
| 245 |
_aRealistic socio-legal theory: pragmatism and a social theory of law _cby Brian Z. Tamanaha |
||
| 260 |
_aOxford _bOxford Univ. Press _c1999 |
||
| 300 | _a276p. | ||
| 440 | _aOxford socio-legal studies | ||
| 650 | _aSocial sciences - Law and legislation | ||
| 650 | _aSociological jurisprudence | ||
| 999 |
_c392009 _d392009 |
||